000 01329pam a22003494i 4500
001 13826063
003 EG-ScBUE
005 20250622090008.0
008 041227t2005 njua f b 001 0 eng d
020 _a0471666580
020 _a9780471666585
035 _a(OCoLC)ocm56963715
040 _aEG-ScBUE
_beng
_erda
_cEG-ScBUE
_dEG-ScBUE
082 0 4 _a536.71
_bOTT
_222
100 1 _aÖttinger, Hans Christian,
_d1958-
_927628
_eauthor.
245 1 0 _aBeyond equilibrium thermodynamics /
_cHans Christian Ottinger.
264 1 _aHoboken, New Jersey :
_bWiley-Interscience,
_c[2005]
264 4 _cc2005
300 _axxxi, 617 pages :
_billustrations ;
_c25 cm
336 _2rdacontent
_atext
_btxt
337 _aunmediated
_2rdamedia
_bn
338 _avolume
_bnc
_2rdacarrier
500 _aIncludes Appendices.
504 _aIncludes bibliographical references and index.
650 7 _aNonequilibrium thermodynamics.
_927629
_2BUEsh
653 _cOctober2011
655 _vReading book
856 4 1 _3Table of contents only
_uhttp://www.loc.gov/catdir/toc/ecip055/2004030894.html
856 4 2 _3Contributor biographical information
_uhttp://www.loc.gov/catdir/enhancements/fy0617/2004030894-b.html
856 4 2 _3Publisher description
_uhttp://www.loc.gov/catdir/enhancements/fy0617/2004030894-d.html
942 _2ddc
_cBB
999 _c16170
_d16170